Lebende Sprache Konversations-Handbuch : Englisch /
Uložené v:
| Hlavní autori: | , |
|---|---|
| Médium: | Kniha |
| Jazyk: | German English |
| Vydané: |
New York :
Crown Publishers,
1957.
|
| Edícia: | Living language course
|
| ISBN: |
(viaz.) |
| Fyzický popis: |
95 strán ; 26 cm. |
| Tagy: |
Pridať tag
Žiadne tagy, Buďte prvý kto otaguje tento záznam!
|
Titul je dostupný aj v ... 

MARC
| LEADER | 00000nam a22000004a 4500 | ||
|---|---|---|---|
| 001 | 000565621 | ||
| 005 | 20171111121414.0 | ||
| 008 | 171111s1957 xxu e 000 0 ger d | ||
| 020 | |a (viaz.) | ||
| 040 | |a SVKKK |b slo |c SVKKK |e AACR2 | ||
| 041 | 0 | |a ger |a eng | |
| 044 | |a xxu |c US | ||
| 100 | 1 | |a Martin, Genevieve A. | |
| 245 | 1 | 0 | |a Lebende Sprache Konversations-Handbuch : |b Englisch / |c von Genevieve A. Martin und Theodor Bertram. |
| 260 | |a New York : |b Crown Publishers, |c 1957. | ||
| 300 | |a 95 strán ; |c 26 cm. | ||
| 490 | 1 | |a Living language course | |
| 700 | 1 | |a Bertram, Theodor |4 aut | |
| 830 | 0 | |a Living language course | |
| 910 | |a svkkk | ||
| 998 | |a BK | ||
| 090 | |g SCKHL |k Sklad Pribinova 1. posch. |a IV.95050 |j 592318 |i 2720495941 |s Prezenčne | ||